Normale Ansicht MARC-Ansicht ISBD

August '39 (Titelsatznr. 57007)

[ MARC ]
MARC-Details
000 -Satzkennung
Kontrollfeld mit fester Länge 01331cam a2200385 4500
001 - Kontrollnummer
Kontrollfeld 024703354
003 - Kontrollnummer Identifier
Kontrollfeld DE-627
005 - Datum und Zeit der letzten Transaktion
Kontrollfeld 20220208165734.0
007 - Feld mit fester Länge zur physischen Beschreibung - Allgemeine Information
Kontrollfeld mit fester Länge tu
008 - Feld mit fester Länge zur physischen Beschreibung - Allgemeine Angaben
Kontrollfeld mit fester Länge 891005s1989 gw ||||| 00| ||ger c
015 ## - Nummer der Nationalbibliografie
Nummer der Nationalbibliografie 89,A43,1060
Quelle dnb
016 7# - Kontrollnummer der nationalbibliografischen Agentur
Datensatzkontrollnummer 891479244
Quelle DE-101
020 ## - Internationale Standardbuchnummer
Internationale Standardbuchnummer 3550076495
Verknüpfung 3-550-07649-5
035 ## - Systemkontrollnummer
System-Kontrollnummer (DE-627)024703354
035 ## - Systemkontrollnummer
System-Kontrollnummer (DE-576)019016670
035 ## - Systemkontrollnummer
System-Kontrollnummer (DE-599)GBV024703354
035 ## - Systemkontrollnummer
System-Kontrollnummer (OCoLC)24630064
035 ## - Systemkontrollnummer
System-Kontrollnummer (OCoLC)24630064
040 ## - Katalogisierungsquelle
Original-Katalogisierungsstelle DE-627
Katalogisierungssprache ger
Übertragungsstelle DE-627
041 ## - Sprachcode
Sprachcode des Textes/der Tonspur oder des separaten Titels ger
100 1# - Haupteintragung - Personenname
Personenname Wuermeling, Henric L.
Datumsangaben in Verbindung mit einem Namen 1941-
IDN des Normdatensatzes oder Standardnummer (DE-588)124327168
-- (DE-627)085788368
-- (DE-576)163629986
Funktionsbezeichnungscode aut
Koha-Normdatenidentnummer 2335
245 10 - Titel
Titel August '39
Zusatz zum Titel 11 Tage zwischen Frieden und Krieg ; 21. Aug. - 1. Sept. 1939
Verfasserangabe etc. Henric L. Wuermeling ; Mit 62 Abbildungen und Fasimiles
264 #1 - Produktion, Veröffentlichung, Distribution, Herstellung und Urheberrechtsvermerk
Herstellungs-, Veröffentlichungs- Vertriebs-, Erzeugungsort Berlin
-- Frankfurt/M
Produzent, Herausgeber, Distributor, Hersteller Ullstein
Datum der Herstellung, der Veröffentlichung, des Vertriebs oder des Urheberschutzvermerks 1989
300 ## - Physische Beschreibung
Umfang 199 Seiten
Andere physische Details Illustrationen
Maße 21 cm
336 ## - Inhaltstyp
Inhaltstypterm Text
Inhaltstypcode txt
Quelle rdacontent
337 ## - Medientyp
Bezeichnung des Medientyps ohne Hilfsmittel zu benutzen
Medientypcode n
Quelle rdamedia
338 ## - Datenträgertyp
Datenträgertypbezeichnung Band
Datenträgertypcode nc
Quelle rdacarrier
504 ## - Fußnote zu Literaturverzeichnissen usw.
Fußnote zu Bibliographien usw. Literaturverzeichnis (S. 187 - 190)
650 #4 - Nebeneintragung unter einem Schlagwort - Sachschlagwort
Sachschlagwort oder geografischer Name als Eintragungselement Kriegsausbruch
Koha-Normdatenidentnummer 2336
650 #4 - Nebeneintragung unter einem Schlagwort - Sachschlagwort
Sachschlagwort oder geografischer Name als Eintragungselement Weltkrieg <1939-1945>
Koha-Normdatenidentnummer 385
650 #4 - Nebeneintragung unter einem Schlagwort - Sachschlagwort
Sachschlagwort oder geografischer Name als Eintragungselement Vorgeschichte
Koha-Normdatenidentnummer 2337
856 42 - Elektronische Adresse und Zugriff
URL <a href="http://d-nb.info/891479244/04">http://d-nb.info/891479244/04</a>
Kontaktstelle für Hilfe beim Zugriff B:DE-101
Elektronisches Format application/pdf
Spezifische Materialangaben Inhaltsverzeichnis
942 ## - Zusätzliche Felder (Koha)
Klassifikation oder Aufstellungssystematik Andere/Generische Klassifikation
Koha-Medientyp Monographien
Exemplare
Ausgeschieden Verloren Klassifikation oder Aufstellungssystematik Beschädigt Nicht entleihbar Heimatbibliothek Aufenthaltsbibliothek Aufstellungsort Erwerbungsdatum Inventarnummer Signatur Barcode Letzte Aktivität Preis gültig von Koha-Medientyp
    Andere/Generische Klassifikation     MWN Osteuropa MWN Osteuropa Lesesaal - 1 12/07/2021 21-01381 D 52 rf Wue E00401509F98B1AC 12/07/2021 12/07/2021 Monographien